The social production of indifference: exploring the symbolic roots of Western bureaucracy (Record no. 359918)

000 -LEADER
fixed length control field 00468cam a22001457a 4500
008 - FIXED-LENGTH DATA ELEMENTS--GENERAL INFORMATION
fixed length control field 180718b1992 xxu||||| |||| 00| 0 eng d
020 ## - INTERNATIONAL STANDARD BOOK NUMBER
International Standard Book Number 0226329089
082 ## - DEWEY DECIMAL CLASSIFICATION NUMBER
Classification number K18 H448
100 ## - MAIN ENTRY--PERSONAL NAME
Personal name Herzfeld, Michael
245 ## - TITLE STATEMENT
Title The social production of indifference: exploring the symbolic roots of Western bureaucracy
Statement of responsibility, etc. by Michael Herzfeld
260 ## - PUBLICATION, DISTRIBUTION, ETC.
Place of publication, distribution, etc. Chicago
Name of publisher, distributor, etc. University of Chicago
Date of publication, distribution, etc. 1992
300 ## - PHYSICAL DESCRIPTION
Extent 207p.
650 ## - SUBJECT ADDED ENTRY--TOPICAL TERM
Topical term or geographic name entry element Elite ( Social Sciences )
650 ## - SUBJECT ADDED ENTRY--TOPICAL TERM
Topical term or geographic name entry element Bureaucracy
Holdings
Withdrawn status Lost status Damaged status Not for loan Permanent Location Current Location Date acquired Full call number Barcode Date last seen Price effective from Koha item type
        Indian Institute of Public Administration Indian Institute of Public Administration 1994-02-16 K18 H448 67530 2018-07-21 2018-07-21 Book

Powered by Koha